00924nam a22002657a 4500003000500000005001700005008004100022010001000063011001000073035001100083040000900094100004200103245011400145260004000259300003100299502007500330530003600405650002600441650002500467650002600492650002400518650002500542650002700567856006400594CHAP20220329143407.0090327s2008 mx r 00010 spa d a95936 a96908 a107565 cCHAP1 aFernández Hernández, Hugo Rafael.10aPerfil del rebrote de la asociación alfalfa - ovillo en primaverac/por Hugo Rafael Fernández Hernández aChapingo, Méx. :bEl autor,c2008 a42 h. :bcuadros, gráfs. aTesis (Ing. Agr. Esp. en Zootecnia) -- UACH. Departamento de Zootecnia aTambién disponible en línea14aAlfalfa como forraje.14aAlfalfaxAnálisis.14aAlfalfaxCrecimiento.14aAlfalfaxProteinas.14aAlfalfaxVariedades.14aForrajesxRendimiento. 3Finding aiduhttp://10.13.5.2/tesis/107565.pdfzTeclea aqui